andré téchiné filmographie - Statistiques

Statistiques générales
  • Ce quiz a été pris 80 fois
  • Le résultat moyen est 13 sur 21
Statistiques - réponses
Hint Réponse % Correct
1994 les roseaux sauvages
86%
1993 ma saison préférée
82%
1981 hôtel des amériques
79%
1991 j'embrasse pas
75%
2007 les témoins
75%
1996 les voleurs
75%
1979 les soeurs Bronté
71%
1976 barocco
68%
1987 les innocents
64%
2014 l'homme qu'on aimait trop
64%
2009 la fille du rer
61%
1985 rendez vous
61%
1986 le lieu du crime
57%
2001 loin
50%
2016 quand on a 17 ans
50%
2004 les temps qui changent
46%
1975 souvenirs d'en France
46%
1998 alice et martin
43%
2003 les égarés
43%
2011 impardonnables
36%
1969 paulina s'en va
36%
Aucun quiz correspondant
Distribution des résultats
% des personnes avec chaque résultat
Percentile par nombre de réponses
Votre historique - résultats
Vous n’avez pas pris ce quiz